000 00571nam a2200217Ia 4500
001 8865
003 GE_BSU
008 181216s||||||||xx |||||||||||||| ||und||
040 _cGE_BSU
080 _a821.353.1-1
100 _aკალაძე,კარლო
245 _aრჩეული
245 _bლექსები
245 _cრედ. ალ. სულავა
260 _aთბილისი
260 _bსაბლიტგამი
260 _c1939
300 _a80გვ.21სმ.
653 _aლექსები
942 _cBK
999 _c42172
_d42172